|
|
|
|
| LEADER |
01155nam a22002657a 4500 |
| 001 |
12988 |
| 003 |
BD-DhAAL |
| 005 |
20240905164504.0 |
| 008 |
150825s1978 bg 000 0 eng |
| 010 |
|
|
|a 80901072
|
| 040 |
|
|
|a DLC
|c DLC
|d DLC
|d BD-DhAAL
|
| 082 |
|
|
|a 307.1412095492
|2 23
|
| 245 |
0 |
0 |
|a Ashram village :
|b an analysis of resource flows.
|
| 264 |
|
|
|a Dacca :
|b Bangladesh Rural Advancement Committee,
|c 1978, 1980.
|
| 300 |
|
|
|a iv, 125 pages ;
|c 30 cm.
|
| 541 |
|
|
|e 12988, 29608
|
| 610 |
|
|
|a Bangladesh Rural Advancement Committee.
|9 11015
|
| 650 |
|
|
|a Rural development
|z Bangladesh.
|
| 650 |
|
|
|a Social service, Rural
|z Bangladesh.
|
| 710 |
2 |
|
|a Bangladesh Rural Advancement Committee.
|9 14064
|
| 852 |
|
|
|a Ayesha Abed Library
|c BRAC Resource Section
|
| 942 |
|
|
|2 ddc
|c BK
|
| 999 |
|
|
|c 35327
|d 35327
|
| 952 |
|
|
|0 0
|1 0
|2 ddc
|4 0
|6 307_141209549200000_ASH
|7 1
|9 55529
|a BRACUL
|b BRACUL
|c BRS
|d 2015-08-25
|l 1
|o 307.1412095492 ASH
|p 3010029608
|r 2025-12-30
|s 2025-03-23
|t 2
|w 2015-08-25
|y BK
|
| 952 |
|
|
|0 0
|1 0
|2 ddc
|4 0
|6 307_141209549200000_ASH
|7 1
|9 75324
|a BRACUL
|b BRACUL
|c BRS
|d 2024-04-17
|e BRAC
|l 1
|o 307.1412095492 ASH
|p 3010012988
|r 2025-12-30
|s 2025-03-24
|t 1
|w 2024-04-17
|y BK
|